[Event "Outaouais op (TORO)"]
[Site "Gatineau"]
[Date "2015.06.07"]
[Round "5"]
[White "Dumont, Felix"]
[Black "Cova, Ramon"]
[Result "1-0"]
[WhiteElo "2225"]
[BlackElo "2093"]
[PlyCount "77"]
[EventDate "2015.06.05"]
[EventType "swiss"]
[EventRounds "5"]
[EventCountry "CAN"]
[SourceTitle "EXT 2019"]
[Source "ChessBase"]
[SourceDate "2018.10.10"]
[SourceVersion "1"]
[SourceVersionDate "2018.10.10"]
[SourceQuality "1"]

1. e4 Nf6 2. Nc3 d5 3. e5 Ne4 4. d4 Nxc3 5. bxc3 Bf5 6. Ba3 c6 7. Bd3 Bxd3 8. Qxd3 Nd7 9. e6 fxe6 10. Nf3 e5 11. dxe5 e6 12. Bxf8 Nxf8 13. 0-0 Ng6 14. Rab1 Qe7 15. c4 0-0 16. cxd5 cxd5 17. c4 Rad8 18. Rb5 dxc4 19. Qxc4 Rf4 20. Qc3 b6 21. h3 Qd7 22. Rb2 Qd5 23. Rd2 Qa8 24. Rfd1 Rdf8 25. Qb3 Rxf3 26. gxf3 Nf4 27. Kh2 Qe8 28. Rd8 Qe7 29. Rxf8+ Kxf8 30. Qc4 Qh4 31. Qc8+ Kf7 32. Qd7+ Kg6 33. Rg1+ Kh5 34. Qf7+ Ng6 35. Qxg7 Qf4+ 36. Rg3 Qh6 37. Qf7 a6 38. h4 b5 39. Kh3 1-0

[Event "CAN-ch University"]
[Site "Toronto"]
[Date "2015.01.11"]
[Round "5"]
[White "Kim, Chris"]
[Black "Dumont, Felix"]
[Result "0-1"]
[WhiteElo "1589"]
[BlackElo "2202"]
[PlyCount "48"]
[EventDate "2015.01.09"]
[EventType "team"]
[EventRounds "5"]
[EventCountry "CAN"]
[SourceTitle "EXT 2019"]
[Source "ChessBase"]
[SourceDate "2018.10.10"]
[SourceVersion "1"]
[SourceVersionDate "2018.10.10"]
[SourceQuality "1"]

1. d4 Nf6 2. c4 g6 3. Nc3 Bg7 4. e4 d6 5. f3 0-0 6. Be3 Nc6 7. d5 Ne5 8. Qd2 c6 9. Bh6 cxd5 10. Bxg7 Kxg7 11. Nxd5 Nxd5 12. cxd5 Bd7 13. Qd4 Kg8 14. Rc1 Qa5+ 15. Rc3 Qxa2 16. Rc7 Rfc8 17. Rxb7 Rc1+ 18. Kf2 Rxf1+ 19. Kxf1 Qa6+ 20. Ne2 Qxb7 21. Nf4 Rb8 22. Rg1 Qxb2 23. Qxa7 Bb5+ 24. Ke1 Rc8 0-1

[Event "Eastern Ontario op"]
[Site "Ottawa"]
[Date "2014.06.21"]
[Round "3"]
[White "De Kerpel, Stijn"]
[Black "Dumont, Felix"]
[Result "1/2-1/2"]
[WhiteElo "2237"]
[BlackElo "2184"]
[PlyCount "85"]
[EventDate "2014.06.20"]
[EventType "swiss"]
[EventRounds "5"]
[EventCountry "CAN"]
[SourceTitle "EXT 2015"]
[Source "ChessBase"]
[SourceDate "2014.11.20"]
[SourceVersion "1"]
[SourceVersionDate "2014.11.20"]
[SourceQuality "1"]

1. c4 Nf6 2. g3 g6 3. Bg2 Bg7 4. Nc3 0-0 5. e4 d6 6. Nge2 e5 7. 0-0 Nc6 8. d3 Nh5 9. Nd5 f5 10. exf5 gxf5 11. f4 Nf6 12. Rb1 Nxd5 13. Bxd5+ Kh8 14. b4 Ne7 15. Bg2 c6 16. Kh1 Be6 17. Qc2 Ng6 18. b5 d5 19. fxe5 dxc4 20. d4 Bd5 21. Ba3 Bxg2+ 22. Kxg2 Qd5+ 23. Kg1 Bh6 24. Bc1 Bxc1 25. Qxc1 cxb5 26. Qe3 Rad8 27. Nf4 Nxf4 28. Rxf4 Rc8 29. Qc3 Rc7 30. Qb4 Kg7 31. Qxb5 Qxb5 32. Rxb5 c3 33. Rf1 a6 34. Rb4 Rd8 35. Rc1 Kf7 36. Kf2 Ke6 37. Ke3 b5 38. a4 a5 39. Rxb5 Rc4 40. Rc2 Rdxd4 41. Rxa5 Re4+ 42. Kd3 Red4+ 43. Ke3 1/2-1/2

[Event "Eastern Ontario op"]
[Site "Ottawa"]
[Date "2014.06.20"]
[Round "2"]
[White "Zhou, Qiyu"]
[Black "Dumont, Felix"]
[Result "1-0"]
[WhiteElo "2263"]
[BlackElo "2184"]
[PlyCount "39"]
[EventDate "2014.06.20"]
[EventType "swiss"]
[EventRounds "5"]
[EventCountry "CAN"]
[SourceTitle "EXT 2015"]
[Source "ChessBase"]
[SourceDate "2014.11.20"]
[SourceVersion "1"]
[SourceVersionDate "2014.11.20"]
[SourceQuality "1"]

1. e4 c5 2. Nf3 d6 3. d4 cxd4 4. Nxd4 Nf6 5. Nc3 Nc6 6. Bg5 e6 7. Qd2 a6 8. 0-0-0 h6 9. Nxc6 bxc6 10. Bh4 Qb6 11. Na4 Qb7 12. e5 g5 13. exd6 Rb8 14. Bg3 Ne4 15. Qd4 Nxg3 16. hxg3 Rg8 17. Nc5 Bg7 18. Nxb7 Bxd4 19. d7+ Ke7 20. dxc8N+ 1-0

[Event "Outaouais op "]
[Site "Gatineau"]
[Date "2014.06.06"]
[Round "1"]
[White "Dumont, Felix"]
[Black "Hebert, Jean"]
[Result "0-1"]
[WhiteElo "2083"]
[BlackElo "2448"]
[PlyCount "80"]
[EventDate "2014.06.06"]
[EventType "swiss"]
[EventRounds "5"]
[EventCountry "CAN"]
[SourceTitle "EXT 2015"]
[Source "ChessBase"]
[SourceDate "2014.11.20"]
[SourceVersion "1"]
[SourceVersionDate "2014.11.20"]
[SourceQuality "1"]

1. e4 c5 2. Nf3 e6 3. b3 Nc6 4. Bb2 d6 5. d4 cxd4 6. Nxd4 e5 7. Nf3 Nf6 8. Nc3 Be7 9. Bc4 0-0 10. 0-0 a6 11. a4 Bg4 12. h3 Be6 13. Bxe6 fxe6 14. Qe2 Nh5 15. g3 Qe8 16. Qe3 Qg6 17. Ne2 Rf7 18. Kh2 Raf8 19. Neg1 d5 20. exd5 exd5 21. Nxe5 Qxc2 22. Nxf7 Qxb2 23. g4 Rxf7 24. gxh5 Qf6 25. Ne2 d4 26. Qd2 Qf3 27. Ng3 Bd6 28. Qd1 Qd5 29. Rc1 Rf3 30. Qe2 d3 31. Qe8+ Rf8 32. Qe3 Nd4 33. f4 Nxb3 34. Rcd1 Nc5 35. h6 g6 36. Rd2 g5 37. Nh5 gxf4 38. Nxf4 Kh8 39. Rg2 Qe5 40. Qd2 Rxf4 0-1

[Event "Montreal op"]
[Site "Montreal"]
[Date "2013.09.07"]
[Round "3"]
[White "Langlois Remillard, Alexis"]
[Black "Dumont, Felix"]
[Result "1/2-1/2"]
[WhiteElo "1941"]
[BlackElo "2144"]
[PlyCount "138"]
[EventDate "2013.09.06"]
[EventType "swiss"]
[EventRounds "5"]
[EventCountry "CAN"]
[SourceTitle "EXT 2022"]
[Source "ChessBase"]
[SourceDate "2021.10.06"]
[SourceVersion "1"]
[SourceVersionDate "2021.10.06"]
[SourceQuality "1"]

1. g3 c5 2. Bg2 g6 3. Nf3 Bg7 4. 0-0 Nf6 5. c3 0-0 6. b3 d5 7. Bb2 Nc6 8. d4 b6 9. Nbd2 Bb7 10. Rc1 Rc8 11. Rc2 Re8 12. Qa1 cxd4 13. cxd4 Nb4 14. Rxc8 Qxc8 15. Rc1 Qe6 16. Ne5 Rc8 17. Rxc8+ Qxc8 18. a3 Nc6 19. f4 e6 20. h3 Na5 21. b4 Qc2 22. Qc1 Qxc1+ 23. Bxc1 Nc6 24. Bb2 Ne8 25. b5 Ne7 26. g4 Nd6 27. a4 f6 28. Nd3 a6 29. Ba3 Nec8 30. bxa6 Bxa6 31. Kf2 Nc4 32. Nxc4 Bxc4 33. Nb2 Bb3 34. Ke3 Bh6 35. Kf3 Bf8 36. Bxf8 Kxf8 37. Ke3 Nd6 38. Kd3 Ke7 39. Kc3 Ba2 40. e3 Bb1 41. Nd3 h6 42. Bf3 Kd7 43. h4 Kc7 44. Be2 Ba2 45. Nb4 Bb1 46. Nd3 Ba2 47. Nb4 Bc4 48. Bxc4 Nxc4 49. e4 Kd6 50. exd5 exd5 51. g5 fxg5 52. fxg5 hxg5 53. hxg5 Ke6 54. Nc6 Nd6 55. Kb4 Nc4 56. Kc3 Kd6 57. Nb4 Ke6 58. Nc6 Kd6 59. Nb4 Ne3 60. Kd3 Nd1 61. Kc2 Nf2 62. Nd3 Ne4 63. Nf4 Nxg5 64. Nxg6 Ne4 65. Nf4 Nf6 66. Kb3 Kc6 67. Kb4 Ne8 68. Nxd5 Kxd5 69. Kb5 Nd6+ 1/2-1/2

[Event "Quebec-ch classe"]
[Site "Montreal"]
[Date "2013.01.20"]
[Round "5.4"]
[White "Dumont, Felix"]
[Black "Nicula, Marius"]
[Result "1/2-1/2"]
[WhiteElo "2121"]
[BlackElo "2207"]
[PlyCount "38"]
[EventDate "2013.01.18"]
[EventType "swiss"]
[EventRounds "5"]
[EventCountry "CAN"]
[SourceTitle "EXT 2022"]
[Source "ChessBase"]
[SourceDate "2021.10.06"]
[SourceVersion "1"]
[SourceVersionDate "2021.10.06"]
[SourceQuality "1"]

1. c4 e6 2. Nf3 d5 3. b3 Nf6 4. Bb2 Be7 5. g3 b6 6. Bg2 Bb7 7. 0-0 0-0 8. d3 Nbd7 9. Nbd2 a5 10. Qc2 a4 11. Rac1 c5 12. d4 axb3 13. axb3 dxc4 14. Nxc4 Be4 15. Qd2 Ra2 16. Ra1 Qa8 17. Na3 Rxa1 18. Rxa1 Qd5 19. Qd1 cxd4 1/2-1/2

[Event "Quebec-ch classe"]
[Site "Montreal"]
[Date "2013.01.19"]
[Round "3.3"]
[White "Dumont, Felix"]
[Black "Robichaud, Louis"]
[Result "1-0"]
[WhiteElo "2121"]
[BlackElo "2032"]
[PlyCount "61"]
[EventDate "2013.01.18"]
[EventType "swiss"]
[EventRounds "5"]
[EventCountry "CAN"]
[SourceTitle "EXT 2022"]
[Source "ChessBase"]
[SourceDate "2021.10.06"]
[SourceVersion "1"]
[SourceVersionDate "2021.10.06"]
[SourceQuality "1"]

1. d4 Nf6 2. Nf3 g6 3. Bg5 Bg7 4. Nbd2 h6 5. Bh4 d6 6. e4 0-0 7. c3 Nbd7 8. Bc4 e5 9. dxe5 dxe5 10. 0-0 Qe8 11. Qe2 Nh5 12. Qe3 Nb6 13. Bb3 Be6 14. Qc5 Bxb3 15. axb3 f5 16. exf5 gxf5 17. Nc4 Nxc4 18. bxc4 b6 19. Qxc7 Rf7 20. Qd6 Rd7 21. Qb4 e4 22. Nd4 Bxd4 23. cxd4 Rxd4 24. Rfd1 Qd7 25. Qb3 Rc8 26. c5+ Kh7 27. Rxd4 Qxd4 28. Qe6 Qxc5 29. Qxh6+ Kg8 30. Qxh5 Qc1+ 31. Qd1 1-0

[Event "Montreal op 91st"]
[Site "Montreal"]
[Date "2011.09.10"]
[Round "3"]
[White "Dumont, Felix"]
[Black "Chiku Ratte, Olivier Kenta"]
[Result "1/2-1/2"]
[WhiteElo "1984"]
[BlackElo "2108"]
[PlyCount "120"]
[EventDate "2011.09.09"]
[EventType "swiss"]
[EventRounds "5"]
[EventCountry "CAN"]
[SourceTitle "CBM 144 Extra"]
[Source "ChessBase"]
[SourceDate "2011.10.28"]
[SourceVersion "1"]
[SourceVersionDate "2011.10.28"]
[SourceQuality "1"]

1. e4 c5 2. Nf3 d6 3. Bb5+ Bd7 4. Bxd7+ Qxd7 5. c4 Nf6 6. Nc3 g6 7. d4 cxd4 8. Nxd4 Bg7 9. f3 0-0 10. Be3 Rc8 11. b3 Nc6 12. Rc1 a6 13. 0-0 Nxd4 14. Bxd4 b5 15. c5 dxc5 16. Bxf6 Qxd1 17. Rfxd1 Bxf6 18. Nd5 Ra7 19. f4 Bb2 20. Rc2 Ba3 21. Rd3 a5 22. Kf1 Rb7 23. Ke2 e6 24. Nf6+ Kg7 25. e5 h5 26. Ne4 Re7 27. Nd6 Rb8 28. h3 Bb4 29. g4 hxg4 30. hxg4 c4 31. bxc4 bxc4 32. Rh3 Bxd6 33. exd6 Rd7 34. Rhc3 Rxd6 35. Rxc4 Rd7 36. Ke3 Rh8 37. g5 Rh3+ 38. Ke4 Rdd3 39. Re2 Rd5 40. Rf2 f5+ 41. gxf6+ Kxf6 42. Rg2 Rdd3 43. Re2 Ra3 44. Kd4 Rh5 45. Ke4 Rh4 46. Rg2 Rhh3 47. Rf2 Rae3+ 48. Kd4 Rd3+ 49. Kc5 Rh5+ 50. Kb6 Rd6+ 51. Kc7 Ke7 52. Rg2 Rd7+ 53. Kc6 Rhd5 54. Re4 R7d6+ 55. Kc7 Rc5+ 56. Kb7 Kd7 57. Rxg6 Rc7+ 58. Kb8 Rb6+ 59. Ka8 Ra6+ 60. Kb8 Rb6+ 1/2-1/2

[Event "Quebec op"]
[Site "Montreal"]
[Date "2011.07.27"]
[Round "6"]
[White "Dumont, Felix"]
[Black "Tremblay, Alain"]
[Result "1/2-1/2"]
[WhiteElo "2007"]
[BlackElo "2113"]
[PlyCount "51"]
[EventDate "2011.07.23"]
[EventType "swiss"]
[EventRounds "9"]
[EventCountry "CAN"]
[SourceTitle "EXT 2022"]
[Source "ChessBase"]
[SourceDate "2021.10.06"]
[SourceVersion "1"]
[SourceVersionDate "2021.10.06"]
[SourceQuality "1"]

1. e4 d5 2. exd5 Qxd5 3. Nc3 Qa5 4. d4 c6 5. Nf3 Nf6 6. Bc4 Bf5 7. 0-0 e6 8. Bf4 Bb4 9. Ne2 Nbd7 10. Ng3 Bg6 11. Ne5 Nd5 12. Bxd5 cxd5 13. c4 Nxe5 14. Bxe5 dxc4 15. Bxg7 Rg8 16. Be5 Bd3 17. a3 Be7 18. Re1 Qd5 19. b3 b5 20. a4 a6 21. axb5 axb5 22. bxc4 Bxc4 23. Bf4 Bf6 24. Be5 Be7 25. Bf4 Bf6 26. Be5 1/2-1/2

[Event "Montreal Mercredi 05"]
[Site "Montreal"]
[Date "2011.06.08"]
[Round "4"]
[White "Dumont, Felix"]
[Black "Lopez Linares, Lizandro Fernando"]
[Result "0-1"]
[WhiteElo "2015"]
[BlackElo "1943"]
[PlyCount "96"]
[EventDate "2011.05.18"]
[EventType "swiss"]
[EventRounds "5"]
[EventCountry "CAN"]
[SourceTitle "EXT 2022"]
[Source "ChessBase"]
[SourceDate "2021.10.06"]
[SourceVersion "1"]
[SourceVersionDate "2021.10.06"]
[SourceQuality "1"]

1. e4 e6 2. d4 d5 3. Nc3 Nf6 4. e5 Nfd7 5. f4 c5 6. Nf3 Nc6 7. Be3 a6 8. Qd2 b5 9. a3 Qb6 10. Be2 cxd4 11. Nxd4 Bc5 12. Rd1 0-0 13. h4 f6 14. Bg4 Nxd4 15. Bxd4 fxe5 16. Bxc5 Nxc5 17. fxe5 b4 18. axb4 Qxb4 19. Qd4 a5 20. Rf1 Ba6 21. Rxf8+ Rxf8 22. Qxb4 axb4 23. Ne2 Bxe2 24. Bxe2 Rf4 25. g3 Re4 26. Kf2 Rxe5 27. Rd4 Re4 28. Rxe4 Nxe4+ 29. Kf3 Kf7 30. Bd3 Nf6 31. Kf4 Ke7 32. Ke5 h6 33. c3 bxc3 34. bxc3 Nd7+ 35. Kf4 Kf6 36. c4 Ne5 37. Be2 Nxc4 38. g4 g5+ 39. hxg5+ hxg5+ 40. Kg3 Ke5 41. Kf3 Kd4 42. Bd1 e5 43. Be2 e4+ 44. Kf2 Kc3 45. Ke1 d4 46. Bf1 Ne3 47. Bb5 d3 48. Ba4 Nxg4 0-1

[Event "Montreal Mercredi 04"]
[Site "Montreal"]
[Date "2011.05.04"]
[Round "5"]
[White "Dumont, Felix"]
[Black "Gauthier, Denis"]
[Result "1-0"]
[WhiteElo "1996"]
[BlackElo "2076"]
[PlyCount "61"]
[EventDate "2011.04.06"]
[EventType "tourn"]
[EventRounds "5"]
[EventCountry "CAN"]
[SourceTitle "EXT 2013"]
[Source "ChessBase"]
[SourceDate "2012.11.22"]
[SourceVersion "1"]
[SourceVersionDate "2012.11.22"]
[SourceQuality "1"]

1. e4 c5 2. Nf3 Nc6 3. c4 e6 4. Nc3 Nf6 5. d4 cxd4 6. Nxd4 Qc7 7. Be3 a6 8. Be2 Bb4 9. Nxc6 bxc6 10. 0-0 0-0 11. Na4 Bd6 12. f4 Nxe4 13. c5 Be7 14. Bd3 Nf6 15. Qc2 g6 16. Nb6 Rb8 17. Nxc8 Qxc8 18. f5 Nd5 19. Bh6 exf5 20. Bxf5 Bf6 21. Bxf8 Rxb2 22. Qd3 Qxf8 23. Bxd7 Qxc5+ 24. Kh1 Rb7 25. Rac1 Bc3 26. Qxa6 Rc7 27. Qa8+ Kg7 28. Qe8 Nf6 29. Rxf6 Rxd7 30. Qxd7 Kxf6 31. Qd3 1-0

[Event "Montreal Ahuntsic op-A"]
[Site "Montreal"]
[Date "2011.04.08"]
[Round "2"]
[White "Dumont, Felix"]
[Black "Bolduc, Steve"]
[Result "0-1"]
[WhiteElo "1620"]
[BlackElo "2095"]
[PlyCount "85"]
[EventDate "2011.04.03"]
[EventType "swiss (rapid)"]
[EventRounds "5"]
[EventCountry "CAN"]
[SourceTitle "EXT 2013"]
[Source "ChessBase"]
[SourceDate "2012.11.22"]
[SourceVersion "1"]
[SourceVersionDate "2012.11.22"]
[SourceQuality "1"]

1. e4 d6 2. d4 Nf6 3. Nc3 g6 4. f4 Bg7 5. Nf3 c5 6. Bb5+ Bd7 7. e5 Ng4 8. e6 Bxb5 9. exf7+ Kf8 10. Nxb5 Qa5+ 11. Nc3 cxd4 12. Nxd4 Nc6 13. Ne6+ Kxf7 14. Nxg7 Nf6 15. 0-0 Kxg7 16. Be3 Qf5 17. Ne2 Rhe8 18. Nd4 Qe4 19. Qf3 Nxd4 20. Qxe4 Ne2+ 21. Kf2 Nxe4+ 22. Kxe2 d5 23. f5 gxf5 24. Rxf5 e6 25. Bd4+ Kg6 26. Rf3 e5 27. Be3 d4 28. Bg1 Rac8 29. Kd3 Nc5+ 30. Kd2 Ne4+ 31. Kd3 Nc5+ 32. Kd2 Ne4+ 33. Kd3 Nf6 34. Rg3+ Kf7 35. Rf1 Rc6 36. Rh3 Ke6 37. Rh6 Rf8 38. Re1 Kd5 39. c4+ dxc3 40. bxc3 b5 41. Rd1 Kd6 42. Rf1 Kd5 43. Rd1 0-1

[Event "Quebec-ch Elite"]
[Site "Montreal"]
[Date "2010.10.08"]
[Round "1"]
[White "Dumont, Felix"]
[Black "Chevalier, Francois"]
[Result "1-0"]
[WhiteElo "2078"]
[BlackElo "1803"]
[PlyCount "75"]
[EventDate "2010.10.08"]
[EventType "swiss"]
[EventRounds "7"]
[EventCountry "CAN"]
[SourceTitle "EXT 2013"]
[Source "ChessBase"]
[SourceDate "2012.11.22"]
[SourceVersion "1"]
[SourceVersionDate "2012.11.22"]
[SourceQuality "1"]

1. e4 g6 2. d4 c6 3. Nc3 d5 4. Nf3 Bg7 5. Be2 Nh6 6. 0-0 0-0 7. h3 f6 8. b3 Nf7 9. Re1 Re8 10. exd5 cxd5 11. Bb5 Nc6 12. Na4 a6 13. Bxc6 bxc6 14. c3 e5 15. Bb2 e4 16. Nd2 f5 17. Nf1 Qf6 18. c4 Be6 19. cxd5 cxd5 20. Nc5 f4 21. Kh2 Bc8 22. Rc1 Nh6 23. b4 Qh4 24. Qb3 Ng4+ 25. Kg1 Qxf2+ 26. Kh1 Nf6 27. Nxe4 Nxe4 28. Rxe4 Be6 29. Rxe6 Rxe6 30. Qxd5 Rae8 31. Rc8 Qxf1+ 32. Kh2 Kf7 33. Rxe8 Kxe8 34. Qxe6+ Kf8 35. b5 Qd3 36. b6 Qg3+ 37. Kh1 f3 38. Ba3+ 1-0

[Event "Quebec-ch opB"]
[Site "Montreal"]
[Date "2010.07.25"]
[Round "3"]
[White "Chiku Ratte, Olivier Kenta"]
[Black "Dumont, Felix"]
[Result "1/2-1/2"]
[WhiteElo "1898"]
[BlackElo "2070"]
[PlyCount "90"]
[EventDate "2010.07.24"]
[EventType "swiss"]
[EventRounds "9"]
[EventCountry "CAN"]
[SourceTitle "EXT 2013"]
[Source "ChessBase"]
[SourceDate "2012.11.22"]
[SourceVersion "1"]
[SourceVersionDate "2012.11.22"]
[SourceQuality "1"]

1. d4 Nf6 2. c4 g6 3. Nc3 Bg7 4. e4 d6 5. f4 0-0 6. Nf3 Na6 7. Be2 e5 8. fxe5 dxe5 9. d5 Nc5 10. Bg5 h6 11. Bxf6 Qxf6 12. b4 Nd7 13. c5 a5 14. a3 axb4 15. axb4 Rxa1 16. Qxa1 Qf4 17. Qb2 f5 18. g3 Qe3 19. Qd2 Qxd2+ 20. Nxd2 Nf6 21. 0-0 fxe4 22. Ndxe4 Bf5 23. Bd3 Kh8 24. Ra1 Nxd5 25. Nxd5 Rd8 26. Bc4 Bxe4 27. Nxc7 Bd3 28. Rd1 e4 29. Bxd3 exd3 30. Ne6 Rd7 31. b5 Be5 32. Nf8 Bd4+ 33. Kg2 Rf7 34. Ne6 Rf2+ 35. Kh3 Bf6 36. Rxd3 h5 37. c6 bxc6 38. bxc6 g5 39. g4 Be5 40. gxh5 Rxh2+ 41. Kg4 Rc2 42. Rd8+ Kh7 43. Nxg5+ Kg7 44. h6+ Kg6 45. Rg8+ Kxh6 1/2-1/2

[Event "Quebec-ch opB"]
[Site "Montreal"]
[Date "2010.07.25"]
[Round "2"]
[White "Dumont, Felix"]
[Black "Acosta, Mariano"]
[Result "1/2-1/2"]
[WhiteElo "2070"]
[BlackElo "2261"]
[PlyCount "125"]
[EventDate "2010.07.24"]
[EventType "swiss"]
[EventRounds "9"]
[EventCountry "CAN"]
[SourceTitle "EXT 2013"]
[Source "ChessBase"]
[SourceDate "2012.11.22"]
[SourceVersion "1"]
[SourceVersionDate "2012.11.22"]
[SourceQuality "1"]

1. e4 d6 2. d4 Nf6 3. Nc3 c6 4. f4 Qa5 5. Bd2 e5 6. fxe5 dxe5 7. dxe5 Ng4 8. Be2 Nxe5 9. Nf3 Nxf3+ 10. Bxf3 Bc5 11. Nd5 Qd8 12. Be3 Bxe3 13. Nxe3 0-0 14. Qxd8 Rxd8 15. Ke2 Be6 16. Rhd1 Nd7 17. b3 Ne5 18. Rxd8+ Rxd8 19. Rd1 Rxd1 20. Nxd1 Kf8 21. Ke3 Ke7 22. Kd4 Kd6 23. c4 b6 24. Ne3 a5 25. Be2 g6 26. g3 h5 27. Bd1 f6 28. Be2 Bg4 29. Nxg4 hxg4 30. a3 g5 31. b4 axb4 32. axb4 Nf3+ 33. Bxf3 gxf3 34. Ke3 g4 35. h3 gxh3 36. Kxf3 Ke5 37. g4 h2 38. Kg2 Kxe4 39. Kxh2 Kd4 40. Kg3 Kxc4 41. Kf4 Kxb4 42. Kf5 c5 43. Kxf6 c4 44. g5 c3 45. g6 c2 46. g7 c1Q 47. g8Q Qc3+ 48. Kf5 b5 49. Qg4+ Kb3 50. Qg1 Qd3+ 51. Ke5 b4 52. Qg2 Qc2 53. Qg4 Ka3 54. Kd5 b3 55. Qg7 b2 56. Qe7+ Kb3 57. Qb7+ Ka3 58. Qe7+ Kb3 59. Qb7+ Ka2 60. Qa6+ Kb1 61. Qf1+ Ka2 62. Qa6+ Kb3 63. Qb7+ 1/2-1/2

[Event "Quebec-ch Elite qual"]
[Site "Montreal"]
[Date "2010.05.09"]
[Round "4"]
[White "Dumont, Felix"]
[Black "Gulko, Andrei"]
[Result "0-1"]
[WhiteElo "1959"]
[BlackElo "2180"]
[PlyCount "72"]
[EventDate "2010.05.07"]
[EventType "swiss"]
[EventRounds "5"]
[EventCountry "CAN"]
[SourceTitle "EXT 2013"]
[Source "ChessBase"]
[SourceDate "2012.11.22"]
[SourceVersion "1"]
[SourceVersionDate "2012.11.22"]
[SourceQuality "1"]

1. e4 e5 2. Nf3 Nf6 3. Nxe5 d6 4. Nf3 Nxe4 5. Nc3 Nxc3 6. dxc3 Be7 7. Be3 Nc6 8. Qd2 Be6 9. 0-0-0 Qd7 10. Kb1 a6 11. Bd3 Bf5 12. Bxf5 Qxf5 13. Nd4 Qd7 14. Nxc6 bxc6 15. Rhe1 0-0 16. Bd4 Rfe8 17. Re2 Bf8 18. Rde1 Rxe2 19. Rxe2 Rb8 20. Qd3 c5 21. Bxc5 Qc6 22. Be3 Qxg2 23. f4 Qc6 24. Bc1 a5 25. Re3 Qh1 26. Rh3 g6 27. f5 Re8 28. fxg6 hxg6 29. Qd4 Bg7 30. Qh4 Qf1 31. Rd3 Bf6 32. Qh6 Re5 33. Rg3 Bg7 34. Qd2 Re2 35. Qd5 c6 36. Qd3 Bh6 0-1

[Event "Repentigny Lanaudiere op"]
[Site "Repentigny"]
[Date "2010.04.18"]
[Round "4"]
[White "Dumont, Felix"]
[Black "Bolduc, Steve"]
[Result "1/2-1/2"]
[WhiteElo "1967"]
[BlackElo "2301"]
[PlyCount "70"]
[EventDate "2010.04.17"]
[EventType "swiss"]
[EventRounds "5"]
[EventCountry "CAN"]
[SourceTitle "EXT 2022"]
[Source "ChessBase"]
[SourceDate "2021.10.06"]
[SourceVersion "1"]
[SourceVersionDate "2021.10.06"]
[SourceQuality "1"]

1. e4 d6 2. c4 c5 3. Nf3 Bg4 4. Be2 Nc6 5. d3 g6 6. Bd2 Bg7 7. Bc3 Nf6 8. Nbd2 0-0 9. 0-0 e6 10. h3 Bxf3 11. Nxf3 Qd7 12. Qc2 a6 13. Rfe1 e5 14. a3 Nh5 15. b4 Nf4 16. Rab1 f5 17. bxc5 dxc5 18. Qb2 Rfc8 19. Qxb7 Nxe2+ 20. Rxe2 Qxd3 21. Re3 Qd6 22. Rb6 Rab8 23. Qxa6 Rxb6 24. Qxb6 Rb8 25. Qa6 Rb1+ 26. Ne1 f4 27. Re2 f3 28. gxf3 h6 29. a4 Qd3 30. Re3 Qd7 31. Kg2 Kh7 32. Nd3 Rd1 33. Nb2 Rc1 34. Nd3 Rd1 35. Nb2 Rb1 1/2-1/2

[Event "Repentigny Lanaudiere op"]
[Site "Repentigny"]
[Date "2010.04.18"]
[Round "3"]
[White "Dumont, Felix"]
[Black "Sinelnikov, Igor"]
[Result "1-0"]
[WhiteElo "1967"]
[BlackElo "2193"]
[PlyCount "120"]
[EventDate "2010.04.17"]
[EventType "swiss"]
[EventRounds "5"]
[EventCountry "CAN"]
[SourceTitle "EXT 2022"]
[Source "ChessBase"]
[SourceDate "2021.10.06"]
[SourceVersion "1"]
[SourceVersionDate "2021.10.06"]
[SourceQuality "1"]

1. d4 d6 2. c4 g6 3. Nc3 Bg7 4. Nf3 Nf6 5. e4 0-0 6. Be2 Nc6 7. 0-0 Bg4 8. d5 Nb8 9. Be3 c5 10. h3 Bxf3 11. Bxf3 a6 12. Be2 Nbd7 13. f4 Rb8 14. Qc2 Ne8 15. a3 Nc7 16. b4 b5 17. Rab1 cxb4 18. Rxb4 a5 19. Rbb1 b4 20. axb4 axb4 21. Nb5 Nxb5 22. cxb5 Qa5 23. Bd2 Rfc8 24. Qb3 Bc3 25. Bxc3 bxc3 26. Rbc1 Qb6+ 27. Kh1 Qe3 28. Qc2 Nf6 29. Bd3 Nh5 30. Rf3 Qd2 31. Rf2 Qe3 32. Rf3 Qd4 33. Be2 Rc5 34. Rd3 Qf6 35. Bxh5 gxh5 36. Rg3+ Kh8 37. Rxc3 Rbxb5 38. Rxc5 Rxc5 39. Qd2 Rb5 40. Qc3 Kg7 41. Kg1 Qxc3 42. Rxc3 f5 43. Re3 Kf7 44. exf5 Rxd5 45. g4 hxg4 46. hxg4 h5 47. Kg2 hxg4 48. Kg3 Rxf5 49. Kxg4 Rf6 50. Kf3 e5 51. Re4 Ke6 52. Ke3 Rxf4 53. Rxf4 exf4+ 54. Kxf4 Kd5 55. Ke3 Kc4 56. Kd2 Kd4 57. Ke2 Kc3 58. Kd1 d5 59. Kc1 Kd3 60. Kd1 d4 1-0